Validación de modelado y simulación de redes de distribución.
Gorde:
| Egile nagusia: | |
|---|---|
| Beste egile batzuk: | , , |
| Formatua: | Liburua |
| Hizkuntza: | Spanish |
| Argitaratua: |
[San José], Costa Rica
2021
|
| Gaiak: | |
| Sarrera elektronikoa: | https://cedi.ucr.ac.cr/electrica/validacion-de-modelado-y-simulacion-de-redes-de-distribucion/ |
| Etiketak: |
Etiketa erantsi
Etiketarik gabe, Izan zaitez lehena erregistro honi etiketa jartzen!
|
MARC
| LEADER | 00000nam a2200000Ia 4500 | ||
|---|---|---|---|
| 003 | 013303 | ||
| 005 | 20230509152059.0 | ||
| 008 | 140114s2021 cr a 000 ||spa d | ||
| 040 | |c cru CEDI | ||
| 100 | |a Jara Jiménez, Marco, 1993- |9 354 | ||
| 245 | |a Validación de modelado y simulación de redes de distribución. | ||
| 260 | |a [San José], Costa Rica |c 2021 | ||
| 500 | |a Trabajo final de graduación (licenciatura en ingeniería eléctrica)--Universidad de Costa Rica. Facultad de Ingeniería. Escuela de Ingeniería Eléctrica | ||
| 501 | |a Director de Trabajo de Graduación: Ing. Gustavo Valverde Mora Ph.D | ||
| 650 | |x DISTRIBUCION DE ENERGIA ELECTRICA |x SIMULACION POR COMPUTADORA |x DISTRIBUCION DE ENERGIA ELECTRICA |x SIMULACION POR COMPUTADORAS DIGITALES |x REDES ELECTRICAS |x ENERGIA ELECTRICA |x SISTEMAS DE ENERGIA ELECTRICA | ||
| 700 | |9 355 |a Guzmán Ledezma, Abdenago, 1993- | ||
| 700 | |9 356 |a Ramírez Rodríguez, Oldemar, 1993- | ||
| 700 | |9 357 |a Valverde Mora, Gustavo |d Director del TFG | ||
| 856 | |u https://cedi.ucr.ac.cr/electrica/validacion-de-modelado-y-simulacion-de-redes-de-distribucion/ |y https://cedi.ucr.ac.cr/electrica/validacion-de-modelado-y-simulacion-de-redes-de-distribucion/ | ||
| 942 | |c CEDI |h TFG 8354 |2 ddc |6 TFG_8354_000000000000000 | ||
| 999 | |c 12867 |d 12867 | ||
